000
00287nam a22001217a 4500
008
260323b ||||| |||| 00| 0 eng d
041
_a
Shqip
080
_a
821.11
100
_a
25
101
_a
Përralla
245
_a
Përralla të Zgjedhura
_c
Hans Christian Andersen
942
_2
udc
_c
BK
999
_c
60919
_d
60919